Encyclopedia of industrial automation /

Saved in:
Bibliographic Details
Main Author: Graham, Glenn A.
Corporate Author: Society of Manufacturing Engineers (U.S.)
Other Authors: King, Robert E. (Robert Edward), 1949-
Format: Book
Language:English
Published: Harlow, England : Longman Scientific & Technical, 1988.
Subjects:
LEADER 01318nam a2200313 a 4500
001 c000012455
003 CARM
005 00000000000000.0
008 880512s1988 enka e 00010 eng d
015 |a b8835853 
019 1 |a 5852894  |z 27562934  |5 LACONCORD2021 
020 |a 058203566X :  |c L.48.00 
035 |a (OCoLC)18049236  |5 LACONCORD2021 
040 |d VCITC  |d NSL:R  |d SIT 
050 0 0 |a T59.5 
100 1 |a Graham, Glenn A. 
245 1 0 |a Encyclopedia of industrial automation /  |c Glenn A Graham ; edited by Robert E. King. 
260 |a Harlow, England :  |b Longman Scientific & Technical,  |c 1988. 
300 |a 591, [6] p. :  |b ill. ;  |c 25 cm. 
500 |a Manufacturing industries. Automation (BNB/PRECIS) 
500 |a Published in association with the Society of Manufacturing Engineers and published in the USA under the title: Automation encyclopedia. 
650 0 |a Automation  |x Dictionaries. 
700 1 |a King, Robert E.  |q (Robert Edward),  |d 1949- 
710 2 0 |a Society of Manufacturing Engineers (U.S.) 
740 0 1 |a Automation encyclopedia. 
852 8 |b CARM  |h A2:AG33F0  |i C02755  |p 0108785  |f BK 
082 0 4 |a 670.42/7  |2 20 
999 f f |i 39a65118-b1ad-5e2a-bced-110a1d2e223a  |s 7112e06d-edfe-5e8b-b414-ae88c8759fe8 
952 f f |p Can circulate  |a CAVAL  |b CAVAL  |c CAVAL  |d CARM 1 Store  |e C02755  |f A2:AG33F0  |h Other scheme  |i book  |m 0108785